The secret of the Nagas / (Record no. 56760)

MARC details
000 -LEADER
fixed length control field 01267nam a22002777a 4500
005 - DATE AND TIME OF LATEST TRANSACTION
control field 20110921103356.0
010 ## - LCCN (DPL NO)
LC control number ENG-103735 B-460880 B-464283
020 ## - INTERNATIONAL STANDARD BOOK NUMBER
International Standard Book Number 9789380658797
Terms of availability 295.00
035 ## - SYSTEM CONTROL NUMBER
System control number EN-87268 B-460880 B-464283
037 ## - SOURCE OF ACQUISITION
Source of stock number/acquisition DBAD/PUB
037 ## - SOURCE OF ACQUISITION
Source of stock number/acquisition Virtuous Pub/Ven
082 ## - DEWEY DECIMAL CLASSIFICATION NUMBER
Classification number N
100 ## - MAIN ENTRY--PERSONAL NAME
Personal name Amish
245 ## - TITLE STATEMENT
Title The secret of the Nagas /
Statement of responsibility, etc by Amish
260 ## - PUBLICATION, DISTRIBUTION, ETC. (IMPRINT)
Place of publication, distribution, etc Chennai
Name of publisher, distributor, etc Westland
Date of publication, distribution, etc 2011
270 ## - ADDRESS
Address Venkat Towers, 165, P.H. Road, Maduravoyal
City Chennai
Postal code 600095
300 ## - PHYSICAL DESCRIPTION
Extent xviii,396p.
Dimensions 22cm (pbk)
490 ## - SERIES STATEMENT
Series statement Shiva trilogy 2
-- 52299
700 ## - ADDED ENTRY--PERSONAL NAME
9 (RLIN) 34731
942 ## - ADDED ENTRY ELEMENTS (KOHA)
Source of classification or shelving scheme Dewey Decimal Classification
Item type English Books
Call number suffix AMI
Classification part N
Holdings
Withdrawn status Lost status Not for loan Collection code Home library Current library Date acquired Source of acquisition Cost, normal purchase price Full call number Barcode Copy number Cost, replacement price Koha item type
      Fiction Central Library Central Library 14/06/2012 Virtuous Pub/936/04.02.2012/28/18.01.2012/10.02.2012 295.00 N AMI B-460880 1 295.00 English Books
    Not For Loan Fiction D.B.Act.Division D.B.Act.Division 21/09/2011 DBAD/PUB 295.00 N AMI EN-87268 1 295.00 English Books
  Written-off vide DLB M. No. 383 dt 16.05.19   Non-fiction Sarojini Nagar Sarojini Nagar 13/09/2012 RBC/27695/05.03.12/26/18.01.12/05.03.12 295.00 N AMI B-464283 1 295.00 English Books

© Delhi Public Library
Hit Counter
free hit counter